00762nam a2200217 a 450000100060000000300080000600500170001400800410003103500190007204000320009104100080012308200270013110000180015824500960017626000570027230000270032949000560035665000420041270000340045483000560048843325BD-RjUL20211209053701.0160621s1961 pk a 000 0 eng  a(BD-RjUL)43443 aDLCcDLCdDLCdBD-RjULbeng aeng00223a330.9549bHAD 19611 aHaq, Mahbubul10aDeficit financing in Pakistan, 1951-60 /cMahbubul Haq in collaboration with Khadija Khanam aKarachi:bInstitute of Development Economics,c1961. a68 p. :bill :c23 cm.0 aMonographs in the economics of development ;vno. 3 aEconomic situationzPakistany1951-60 aKhanam, Khadija , Jt. auth.  aMonographs in the economics of development ;vno. 3